Physics and chemistry of fission 1973 : (Record no. 9365)
[ view plain ]
| 000 -LEADER | |
|---|---|
| fixed length control field | 01075cam a2200289 a 4500 |
| 001 - CONTROL NUMBER | |
| control field | 9365 |
| 003 - CONTROL NUMBER IDENTIFIER | |
| rucl marc code | BD-RjUL |
| 005 - DATE AND TIME OF LATEST TRANSACTION | |
| control field | 20211208234750.0 |
| 008 - FIXED-LENGTH DATA ELEMENTS--GENERAL INFORMATION | |
| fixed length control field | 200114s1974 au b 100 0 eng |
| 035 ## - SYSTEM CONTROL NUMBER | |
| System control number | (BD-RjUL) |
| System control number | 197169 |
| 040 ## - CATALOGING SOURCE | |
| Original cataloging agency | LC |
| Language of cataloging | eng |
| Transcribing agency | LC |
| Modifying agency | ANL:NR |
| 041 ## - LANGUAGE CODE | |
| Language code of text/sound track or separate title | eng |
| 082 04 - DEWEY DECIMAL CLASSIFICATION NUMBER | |
| Classification number | 539.762 |
| Author mark and year | PHY 1974 |
| 111 2# - MAIN ENTRY--MEETING NAME | |
| Meeting name or jurisdiction name as entry element | Symposium on Physics and Chemistry of Fission, |
| Number [OBSOLETE] | 3rd, |
| Location of meeting | Rochester, N.Y., |
| Date of meeting | 1973. |
| 9 (RLIN) | 213103 |
| 245 10 - TITLE STATEMENT | |
| Title | Physics and chemistry of fission 1973 : |
| Remainder of title | Proceedings of the third IAEA Symposium on the Physics and Chemistry of Fission/ |
| Statement of responsibility, etc. | held by the International Atomic Energy Agency in Rochester, New York, 13-17 Aug. 1973. |
| Name of part/section of a work | VOL . II |
| 260 ## - PUBLICATION, DISTRIBUTION, ETC. (IMPRINT) | |
| Place of publication, distribution, etc. | Vienna, |
| Name of publisher, distributor, etc. | International Atomic Energy Agency, |
| Date of publication, distribution, etc. | 1974. |
| 300 ## - PHYSICAL DESCRIPTION | |
| Pagination | 2 v. 525 p.: |
| Size | 24 cm. |
| 490 1# - SERIES STATEMENT | |
| Series statement | Proceedings series |
| 500 ## - GENERAL NOTE | |
| General note | "STI/PUB/347." |
| 504 ## - BIBLIOGRAPHY, ETC. NOTE | |
| Bibliography, etc | Includes bibliographical references. |
| 505 ## - FORMATTED CONTENTS NOTE | |
| Formatted contents note | Vol. 1-- V. 2-- |
| 650 #0 - SUBJECT ADDED ENTRY--TOPICAL TERM | |
| Topical term or geographic name as entry element | Nuclear fission |
| General subdivision | Congresses. |
| 9 (RLIN) | 29019 |
| 710 2# - ADDED ENTRY--CORPORATE NAME | |
| Corporate name or jurisdiction name as entry element | International Atomic Energy Agency. |
| 9 (RLIN) | 20640 |
| 942 ## - ADDED ENTRY ELEMENTS (KOHA) | |
| Source of classification or shelving scheme | Dewey Decimal Classification |
| Koha item type | Books |
| Lost status | Source of classification or shelving scheme | Damaged status | Not for loan | Collection code | Permanent Location | Current Location | Shelving location | Date acquired | Source of acquisition | Total Checkouts | Full call number | Date last seen | Copy number | Koha item type | Cost, normal purchase price |
|---|---|---|---|---|---|---|---|---|---|---|---|---|---|---|---|
| Dewey Decimal Classification | Not For Loan | Non-fiction | Central Library, University of Rajshahi | Central Library, University of Rajshahi | Reading Room | 08/12/1977 | Int. Atomic Anergy, Vienna | 539.762 PHY V-2 1974 | 20/01/2014 | C-1 | Books | ||||
| Dewey Decimal Classification | Not For Loan | Non-fiction | Central Library, University of Rajshahi | Central Library, University of Rajshahi | Reading Room | 08/12/1977 | Enternational Atomic energy Agency | 539.762 PHY V-1 1974 | 13/05/2017 | C-1 | Books | 0.00 |